000
00310nam a22001217a 4500
008
171101b xxu||||| |||| 00| 0 eng d
041
_a
eng
080
_a
339
100
_a
59
101
_a
TRE
245
_a
QUANTIFYING THE IMPACT OF TECHNICAL BARRIERS TO TRADE: CAN IT BE DONE?
_c
MASKUS,K.E
942
_2
udc
_c
BK
999
_c
37032
_d
37032